<?xml version="1.0" encoding="UTF-8"?>
<record
    xmlns:xsi="http://www.w3.org/2001/XMLSchema-instance"
    xsi:schemaLocation="http://www.loc.gov/MARC21/slim http://www.loc.gov/standards/marcxml/schema/MARC21slim.xsd"
    xmlns="http://www.loc.gov/MARC21/slim">

  <leader>02110cam a2200457 i 4500</leader>
  <controlfield tag="001">ocn191879362</controlfield>
  <controlfield tag="003">OCoLC</controlfield>
  <controlfield tag="005">20260429122444.0</controlfield>
  <controlfield tag="008">080208s2005    fr       b    000 0 fre  </controlfield>
  <datafield tag="020" ind1=" " ind2=" ">
    <subfield code="a">2915236003</subfield>
  </datafield>
  <datafield tag="020" ind1=" " ind2=" ">
    <subfield code="a">9782915236002</subfield>
  </datafield>
  <datafield tag="035" ind1=" " ind2=" ">
    <subfield code="a">(OCoLC)191879362</subfield>
  </datafield>
  <datafield tag="040" ind1=" " ind2=" ">
    <subfield code="a">ALAUL</subfield>
    <subfield code="b">eng</subfield>
    <subfield code="c">ALAUL</subfield>
    <subfield code="d">OCLCF</subfield>
    <subfield code="d">OCLCQ</subfield>
    <subfield code="d">OCLCO</subfield>
    <subfield code="d">OCLCQ</subfield>
    <subfield code="d">OCLCL</subfield>
  </datafield>
  <datafield tag="043" ind1=" " ind2=" ">
    <subfield code="a">n-us---</subfield>
  </datafield>
  <datafield tag="050" ind1=" " ind2="4">
    <subfield code="a">PN4784</subfield>
    <subfield code="b">.N11</subfield>
  </datafield>
  <datafield tag="082" ind1="0" ind2="4">
    <subfield code="a">070.4493036250973</subfield>
    <subfield code="q">OCoLC</subfield>
    <subfield code="2">21/eng/20230216</subfield>
  </datafield>
  <datafield tag="100" ind1="1" ind2=" ">
    <subfield code="a">Nacos, Brigitte Lebens.</subfield>
    <subfield code="9">55005</subfield>
  </datafield>
  <datafield tag="240" ind1="1" ind2="0">
    <subfield code="a">Mass-mediated terrorism.</subfield>
    <subfield code="l">French</subfield>
  </datafield>
  <datafield tag="245" ind1="1" ind2="0">
    <subfield code="a">M&#xFFFD;edias et terrorisme :</subfield>
    <subfield code="b">du r&#xFFFD;ole central des m&#xFFFD;edias dans le terrorisme et le contre-terrorisme /</subfield>
    <subfield code="c">Brigitte L. Nacos. Traduit de l'am&#xFFFD;ericain par Monique Berry.</subfield>
  </datafield>
  <datafield tag="260" ind1=" " ind2=" ">
    <subfield code="a">Paris :</subfield>
    <subfield code="b">Nouveaux Horizons,</subfield>
    <subfield code="c">&#xFFFD;2005.</subfield>
  </datafield>
  <datafield tag="300" ind1=" " ind2=" ">
    <subfield code="a">248 pages ;</subfield>
    <subfield code="c">24 cm</subfield>
  </datafield>
  <datafield tag="336" ind1=" " ind2=" ">
    <subfield code="a">text</subfield>
    <subfield code="b">txt</subfield>
    <subfield code="2">rdacontent</subfield>
  </datafield>
  <datafield tag="337" ind1=" " ind2=" ">
    <subfield code="a">unmediated</subfield>
    <subfield code="b">n</subfield>
    <subfield code="2">rdamedia</subfield>
  </datafield>
  <datafield tag="338" ind1=" " ind2=" ">
    <subfield code="a">volume</subfield>
    <subfield code="b">nc</subfield>
    <subfield code="2">rdacarrier</subfield>
  </datafield>
  <datafield tag="500" ind1=" " ind2=" ">
    <subfield code="a">Translation of: Mass-mediated terrorism : the central role of the media in terrorism and counterterrorism.</subfield>
  </datafield>
  <datafield tag="504" ind1=" " ind2=" ">
    <subfield code="a">Includes bibliographical references.</subfield>
  </datafield>
  <datafield tag="650" ind1=" " ind2="0">
    <subfield code="a">Terrorism</subfield>
    <subfield code="x">Press coverage</subfield>
    <subfield code="z">United States.</subfield>
    <subfield code="9">55006</subfield>
  </datafield>
  <datafield tag="650" ind1=" " ind2="0">
    <subfield code="a">Terrorism in mass media.</subfield>
    <subfield code="9">55007</subfield>
  </datafield>
  <datafield tag="650" ind1=" " ind2="0">
    <subfield code="a">Terrorism and mass media</subfield>
    <subfield code="z">United States.</subfield>
    <subfield code="9">55008</subfield>
  </datafield>
  <datafield tag="650" ind1=" " ind2="6">
    <subfield code="a">Terrorisme dans la presse</subfield>
    <subfield code="z">&#xFFFD;Etats-Unis.</subfield>
    <subfield code="9">55009</subfield>
  </datafield>
  <datafield tag="650" ind1=" " ind2="6">
    <subfield code="a">Terrorisme dans les m&#xFFFD;edias.</subfield>
    <subfield code="9">55010</subfield>
  </datafield>
  <datafield tag="650" ind1=" " ind2="6">
    <subfield code="a">Terrorisme et m&#xFFFD;edias</subfield>
    <subfield code="z">&#xFFFD;Etats-Unis.</subfield>
    <subfield code="9">55011</subfield>
  </datafield>
  <datafield tag="650" ind1=" " ind2="7">
    <subfield code="a">Terrorism and mass media.</subfield>
    <subfield code="2">fast</subfield>
    <subfield code="0">(OCoLC)fst01148149</subfield>
    <subfield code="9">55012</subfield>
  </datafield>
  <datafield tag="650" ind1=" " ind2="7">
    <subfield code="a">Terrorism in mass media.</subfield>
    <subfield code="2">fast</subfield>
    <subfield code="0">(OCoLC)fst01148152</subfield>
    <subfield code="9">55007</subfield>
  </datafield>
  <datafield tag="650" ind1=" " ind2="7">
    <subfield code="a">Terrorism</subfield>
    <subfield code="x">Press coverage.</subfield>
    <subfield code="2">fast</subfield>
    <subfield code="0">(OCoLC)fst01148120</subfield>
    <subfield code="9">55013</subfield>
  </datafield>
  <datafield tag="651" ind1=" " ind2="7">
    <subfield code="a">United States.</subfield>
    <subfield code="2">fast</subfield>
    <subfield code="0">(OCoLC)fst01204155</subfield>
    <subfield code="1">https://id.oclc.org/worldcat/entity/E39PBJtxgQXMWqmjMjjwXRHgrq</subfield>
    <subfield code="9">8</subfield>
  </datafield>
  <datafield tag="700" ind1="1" ind2=" ">
    <subfield code="a">Berry, Monique.</subfield>
    <subfield code="9">55014</subfield>
  </datafield>
  <datafield tag="758" ind1=" " ind2=" ">
    <subfield code="i">has work:</subfield>
    <subfield code="a">M&#xFFFD;edias et terrorisme (Text)</subfield>
    <subfield code="1">https://id.oclc.org/worldcat/entity/E39PCH4kmFt7yyJDKFGcbV9mBd</subfield>
    <subfield code="4">https://id.oclc.org/worldcat/ontology/hasWork</subfield>
  </datafield>
  <datafield tag="942" ind1=" " ind2=" ">
    <subfield code="2">lcc</subfield>
    <subfield code="c">BK</subfield>
  </datafield>
  <datafield tag="948" ind1=" " ind2=" ">
    <subfield code="h">NO HOLDINGS IN GHUCC - 1 OTHER HOLDINGS</subfield>
  </datafield>
  <datafield tag="999" ind1=" " ind2=" ">
    <subfield code="c">53842</subfield>
    <subfield code="d">53842</subfield>
  </datafield>
</record>
